000 00949nam a2200241Ia 4500
003 OSt
005 20220923213106.0
006 a|||||r|||| 00| 0
007 ta
008 220922b |||||||| |||| 00| 0 hin d
024 _a158,856
037 _cTextual
040 _aARTS
_cARTS
_bhin
041 _2hin
_ahin
082 _aO152,1(Q224):g(R4), L0
100 _aअग्रवाल, पुरूषोतमदास
245 0 _aमध्यकालीन हिन्दी कृष्णकाव्य में रूप सौदर्य
246 _aMadhyakālīn hindī kṛuṣhṇakāvya mean rūp saudarya
260 _aजयपुर
_b रोशनलाल जैन एण्ड सन्स
_c1970
650 _aहिन्दी साहित्य
_9156264
942 _hO152,1(Q224):g(R4), L0
_cTEXL
_2CC
999 _c313603
_d313603